[Event "Taastrup op"]
[Site "Taastrup"]
[Date "2001.02.17"]
[Round "9"]
[White "Helleberg, Jorgen"]
[Black "Christensen, Aage Niels"]
[Result "0-1"]
[WhiteElo "1453"]
[BlackElo "1466"]
[PlyCount "122"]
[EventDate "2001.01.19"]
[EventType "swiss"]
[EventRounds "9"]
[EventCountry "DEN"]
[SourceTitle "EXT 2018"]
[Source "ChessBase"]
[SourceDate "2017.10.13"]
[SourceVersion "1"]
[SourceVersionDate "2017.10.13"]
[SourceQuality "1"]

1. d4 g6 2. Nf3 Bg7 3. Bf4 d6 4. h3 c5 5. e3 cxd4 6. exd4 Nc6 7. c3 Bf5 8. Bh2 Rc8 9. Bd3 Bxd3 10. Qxd3 Nf6 11. Nbd2 0-0 12. 0-0 Qa5 13. Rfe1 Rfe8 14. a3 Qc7 15. Rac1 Qd8 16. b4 Nd7 17. Qb1 a5 18. b5 Ncb8 19. a4 Nb6 20. c4 Nxa4 21. Qa2 Nb6 22. Qxa5 N8d7 23. Qb4 Ra8 24. Ra1 Rxa1 25. Rxa1 Qb8 26. Qb3 e5 27. dxe5 dxe5 28. Qb4 Qc8 29. Rc1 Nc5 30. Qb1 Qd7 31. Rd1 Rd8 32. Re1 f6 33. Bg3 Qd3 34. Qa2 Ra8 35. Qb1 Qxb1 36. Rxb1 Rd8 37. Kh2 Bh6 38. Nf1 Rd3 39. Kg1 Kf7 40. Kh2 Ke7 41. Re1 Nxc4 42. h4 b6 43. Ra1 Na5 44. Rb1 Ne4 45. Ne1 Rc3 46. Kg1 Nxg3 47. Nxg3 Rc1 48. Rxc1 Bxc1 49. Nd3 Ba3 50. Ne4 Nb7 51. Nc3 Ke6 52. Na4 Nc5 53. Ndxc5+ Bxc5 54. Nxc5+ bxc5 55. b6 Kd6 56. Kf1 Kc6 57. b7 Kxb7 58. Ke2 Kc6 59. Kd3 Kd5 60. f3 f5 61. g3 h6 0-1

[Event "Taastrup op"]
[Site "Taastrup"]
[Date "2001.01.27"]
[Round "5"]
[White "Helleberg, Jorgen"]
[Black "Leopold, Claus Ulrich"]
[Result "1-0"]
[WhiteElo "1453"]
[BlackElo "1296"]
[PlyCount "121"]
[EventDate "2001.01.19"]
[EventType "swiss"]
[EventRounds "9"]
[EventCountry "DEN"]
[SourceTitle "EXT 2018"]
[Source "ChessBase"]
[SourceDate "2017.10.13"]
[SourceVersion "1"]
[SourceVersionDate "2017.10.13"]
[SourceQuality "1"]

1. d4 d5 2. Nf3 Nf6 3. Bf4 e6 4. e3 c5 5. c3 Nc6 6. Nbd2 a6 7. Be2 Be7 8. 0-0 0-0 9. h3 b5 10. a4 b4 11. c4 Na5 12. Ne5 Qb6 13. dxc5 Bxc5 14. Bd3 Bb7 15. Bg5 dxc4 16. Bxf6 cxd3 17. Qg4 g6 18. Nd7 Qc6 19. Nxf8 Bxf8 20. Rfc1 Qd6 21. Bd4 Qd5 22. f3 e5 23. Bb6 f5 24. Qh4 Nc6 25. Qc4 Qxc4 26. Rxc4 Bg7 27. Rb1 Re8 28. b3 e4 29. f4 Bc3 30. Rd1 Re7 31. Nb1 Bb2 32. Bc5 Rd7 33. Bxb4 Nxb4 34. Rxb4 Bd5 35. Nd2 Rc7 36. Rb8+ Kg7 37. Rb6 Rc3 38. Kh2 Rc2 39. Rd6 Bf7 40. Rxa6 Bc3 41. Nb1 Bxb3 42. Nxc3 Rxc3 43. Rd2 Bc2 44. a5 Rb3 45. Ra7+ Kg8 46. a6 Rb1 47. Rd7 Ba4 48. Rd8+ Kg7 49. a7 Bc6 50. Ra2 g5 51. Kg3 gxf4+ 52. Kxf4 Rf1+ 53. Ke5 f4 54. a8Q Bxa8 55. Ra7+ Kg6 56. Rg8+ Kh6 57. Ra6+ Kh5 58. Ra7 h6 59. Ra5 d2 60. Kd4+ Kh4 61. Rg4# 1-0

[Event "Taastrup op"]
[Site "Taastrup"]
[Date "2000.01.29"]
[Round "5"]
[White "Jacobsen, Jesper Howalt"]
[Black "Helleberg, Jorgen"]
[Result "0-1"]
[WhiteElo "1000"]
[BlackElo "1270"]
[PlyCount "66"]
[EventDate "2000.01.21"]
[EventType "swiss"]
[EventRounds "9"]
[EventCountry "DEN"]
[SourceTitle "EXT 2001"]
[Source "ChessBase"]
[SourceDate "2000.11.22"]
[SourceVersion "1"]
[SourceVersionDate "2000.11.22"]
[SourceQuality "1"]

1. d4 d5 2. Nf3 Nf6 3. Bg5 e6 4. e3 Be7 5. Nbd2 0-0 6. Bxf6 Bxf6 7. Be2 Nd7 8. c3 c6 9. Qc2 e5 10. dxe5 Nxe5 11. Nxe5 Bxe5 12. Nf3 Bf6 13. Bd3 h6 14. h3 Re8 15. 0-0-0 a5 16. g4 b5 17. Rdg1 b4 18. h4 bxc3 19. bxc3 Qe7 20. Kd2 Qa3 21. Nd4 Bxd4 22. exd4 Rb8 23. Rb1 Bxg4 24. Rhg1 Bf3 25. Rge1 Qd6 26. Be2 Qf4+ 27. Kd1 Be4 28. Bd3 Bf3+ 29. Be2 Bxe2+ 30. Rxe2 Rxb1+ 31. Qxb1 Rxe2 32. Kxe2 Qg4+ 33. Ke1 Qg1+ 0-1

[Event "Taastrup op"]
[Site "Taastrup"]
[Date "2000.01.21"]
[Round "1"]
[White "Helleberg, Jorgen"]
[Black "Moller, Arne Vagn"]
[Result "0-1"]
[WhiteElo "1270"]
[BlackElo "1805"]
[PlyCount "40"]
[EventDate "2000.01.21"]
[EventType "swiss"]
[EventRounds "9"]
[EventCountry "DEN"]
[SourceTitle "EXT 2001"]
[Source "ChessBase"]
[SourceDate "2000.11.22"]
[SourceVersion "1"]
[SourceVersionDate "2000.11.22"]
[SourceQuality "1"]

1. d4 Nf6 2. Nf3 b6 3. Bg5 Bb7 4. e3 e6 5. Nbd2 Be7 6. Bd3 0-0 7. 0-0 d6 8. Qe2 Nbd7 9. Rfe1 c5 10. c3 d5 11. Bxf6 Bxf6 12. e4 cxd4 13. e5 dxc3 14. bxc3 Be7 15. Nd4 g6 16. N2f3 Nc5 17. Bc2 Rc8 18. Qd2 Ne4 19. Qh6 Rxc3 20. Nd2 Bg5 0-1

[Event "Lovsprings op 06th E"]
[Site "Ringsted"]
[Date "1994.03.27"]
[Round "1"]
[White "Larsen, Ole"]
[Black "Helleberg, Jorgen"]
[Result "1-0"]
[WhiteElo "1418"]
[BlackElo "1395"]
[PlyCount "75"]
[EventDate "1994.03.27"]
[EventType "swiss"]
[EventRounds "7"]
[EventCountry "DEN"]
[SourceTitle "EXT 2023"]
[Source "ChessBase"]
[SourceDate "2022.10.05"]
[SourceVersion "1"]
[SourceVersionDate "2022.10.05"]
[SourceQuality "1"]

1. e4 e6 2. d4 d5 3. e5 c5 4. c3 Nc6 5. Nf3 Qb6 6. Na3 a6 7. Rb1 cxd4 8. Nc2 dxc3 9. Be3 Qc7 10. bxc3 Nxe5 11. Bd4 Bd6 12. Nb4 Nf6 13. Nd3 Nfd7 14. Nfxe5 Nxe5 15. Qe2 Nxd3+ 16. Qxd3 Be5 17. Be2 Bxd4 18. Qxd4 0-0 19. 0-0 Bd7 20. Rfc1 Bc6 21. c4 e5 22. Qb2 d4 23. Qd2 Rfd8 24. Re1 Re8 25. f3 Rad8 26. Bd3 Rb8 27. Rb2 b5 28. Qc2 bxc4 29. Rxb8 Rxb8 30. Qxc4 a5 31. Rc1 Rb6 32. Be4 Qb8 33. Bxc6 Rb1 34. Be4 Rxc1+ 35. Qxc1 g6 36. Qc5 a4 37. Qa5 Qc7 38. Qxc7 1-0